000 00613nam a22001817a 4500
003 UA-OsUOA
001 18028
007 ta
008 20040417b un ||||| |||| 00| 0 ukr d
100 _aЗахарова В.
942 _cSA
040 _aUA-OsUOA
_cUA-OsUOA
_dUA-OsUOA
245 _aГеолог: професія романтиків та ентузіастів
_b[Про Рівнен. геолог. експедицію ПГРП "Північгеологія"]
300 _aС.3
955 _a0
773 0 _w0
_tІмідж
_dРівне
_d2004
_g№6/Берез./
650 7 _aЕкспедиції
_2UDC
999 _c304198
_d304198